Niemieckie nazwy przygranicznych miejscowości w okresie międzywojenny - Statystyki

Ogólne statystyki
  • Ten quiz został rozwiązany 16 razy
  • Średni wynik to 4 z 11
Statystyki odpowiedzi
Miejscowość Po niemiecku % Poprawnych
Gorzów Śląski Landsberg
75%
Skomlin Schommeln
75%
Mokrsko Moker
50%
Praszka Prauskau
50%
Wichernik Windfeld
50%
Uszyce Wittenau
50%
Zdziechowice Seichwitz
25%
Wróblew Spatzquelle
25%
Wieluń Welungen
25%
Komorniki Komesberg
0%
Krzyworzeka Krombach
0%
Nie znaleziono quizów pasujących do podanych kryteriów
Rozkład punktacji
Procent ludzi z każdym wynikiem
Percentyl według liczby udzielonych odpowiedzi
Twoja historia wyników
Nie rozwiązałeś tego quizu